Aktuálne otázky kultúrnej politiky EÚ
Skúmanie ideí európskeho integračného procesu. Otázka európskej kultúrnej identity európskych národov patrí medzi najcitlivejšie aspekty európskej integračnej politiky. Kultúrna politika na úrovni spoločenstva, jej špecifiká, ciele, problémy. Čo je kultúra - charakteristika. Odtrhnutie ekonomiky od...
Enregistré dans:
| Auteur principal: | |
|---|---|
| Format: | Chapitre de livre |
| Langue: | slovaque |
| Sujets: | |
| Tags: |
Pas de tags, Soyez le premier à ajouter un tag!
|
MARC
| LEADER | 00000naa$a2200000$$$4500 | ||
|---|---|---|---|
| 001 | 0076380 | ||
| 005 | 20240502071908.1 | ||
| 041 | 0 | |a slo | |
| 044 | |a SK | ||
| 245 | 1 | 0 | |a Aktuálne otázky kultúrnej politiky EÚ |c Marta Zágoršeková |
| 520 | |a Skúmanie ideí európskeho integračného procesu. Otázka európskej kultúrnej identity európskych národov patrí medzi najcitlivejšie aspekty európskej integračnej politiky. Kultúrna politika na úrovni spoločenstva, jej špecifiká, ciele, problémy. Čo je kultúra - charakteristika. Odtrhnutie ekonomiky od kultúry v procese integrácie. Európska kultúrna politika súčasnosti. | ||
| 610 | 2 | 0 | |a kultúra |
| 610 | 2 | 0 | |a integrácia ekonomická medzinárodná |
| 610 | 2 | 0 | |a identita |
| 610 | 2 | 0 | |a Európska únia |
| 100 | 1 | |a Zágoršeková, Marta | |